Normal view
MARC view
- Internet of things.
Entry Topical Term
001 - CONTROL NUMBER
- control field: 3680
003 - CONTROL NUMBER IDENTIFIER
- control field: NUST
005 - DATE AND TIME OF LATEST TRANSACTION
- control field: 20170731134650.0
008 - FIXED-LENGTH DATA ELEMENTS
- fixed length control field: 170731|| aca||aabn | a|a d
040 ## - CATALOGING SOURCE
- Original cataloging agency: NUST
- Transcribing agency: NUST
150 ## - HEADING--TOPICAL TERM
- Topical term or geographic name entry element: Internet of things.
670 ## - SOURCE DATA FOUND
- Source citation: Work cat.: (NUST)0: Bahga, Arshdeep. 3679, Internet of things :
